000
00313nam a2200109Ia 4500
008
200302s9999 xx 000 0 und d
100
_a
Tirupathi R. Chandrupatla
245
_a
Introduction to Finite Elements in Engineering 3rd ed.
260
_b
Prentice Hall of India Pvt. Ltd.
260
_c
2003
300
_a
453 P.,
999
_c
1878
_d
1878